Normal view MARC view

Entry Personal Name

Number of records used in: 1

001 - CONTROL NUMBER

  • control field: 31218

003 - CONTROL NUMBER IDENTIFIER

  • control field: dpl

005 - DATE AND TIME OF LATEST TRANSACTION

  • control field: 20110804110324.0

008 - FIXED-LENGTH DATA ELEMENTS

  • fixed length control field: 110804|||a|||||| | ||| d

040 ## - CATALOGING SOURCE

  • Original cataloging agency: dpl
  • Transcribing agency: dpl

100 ## - HEADING--PERSONAL NAME

  • Personal name: Hawking, Stephen

670 ## - SOURCE DATA FOUND

  • Source citation: Work cat.: (dpl)54346: Hawking, Stephen, The grand design /, 2010

670 ## - SOURCE DATA FOUND

  • Source citation: Work cat.: (dpl)54346: Hawking, Stephen, The grand design /, 2010

© Delhi Public Library
Hit Counter
free hit counter